COURSE DIGICOM , THEORY AND MODERN PRACTICE OF DIGITAL COMMUNICAITON (Record no. 573754)

000 -LEADER
fixed length control field 00272nam a22001097a 4500
082 ## - DEWEY DECIMAL CLASSIFICATION NUMBER
Classification number 621.382 THE
100 ## - MAIN ENTRY--PERSONAL NAME
Personal name MANOR.M
9 (RLIN) 65590
245 ## - TITLE STATEMENT
Title COURSE DIGICOM , THEORY AND MODERN PRACTICE OF DIGITAL COMMUNICAITON
260 ## - PUBLICATION, DISTRIBUTION, ETC.
Place of publication, distribution, etc. PDF
Name of publisher, distributor, etc. PDF
Date of publication, distribution, etc. 1985
300 ## - PHYSICAL DESCRIPTION
Extent 277P
942 ## - ADDED ENTRY ELEMENTS (KOHA)
Koha item type Book
Holdings
Withdrawn status Lost status Damaged status Not for loan Permanent Location Current Location Shelving location Date acquired Total Checkouts Full call number Barcode Date last seen Price effective from Koha item type
        College of Electrical & Mechanical Engineering (CEME) College of Electrical & Mechanical Engineering (CEME) General Stacks 07/27/2017   621.382 THE CEME-23078 06/28/2021 06/28/2021 Book
© 2023 Central Library, National University of Sciences and Technology. All Rights Reserved.